| 000 | 00939nam a2200277 a 4500 | ||
|---|---|---|---|
| 001 | 000012033 | ||
| 005 | 20250218125614.0 | ||
| 008 | 091103s1998 mx 001 f spa d | ||
| 020 | _a9681905245 | ||
| 040 |
_aDO-SdBNP _bspa _cBNPHU |
||
| 041 | 1 | 7 |
_aspa _hpor _2Código de idioma MARC |
| 082 |
_aB869.34 _bS243v |
||
| 100 | 1 |
_aSaramago, José, _d1922-2010 _912950 |
|
| 240 | 1 | 0 |
_aViagem a Portugal. _lEspañol |
| 245 | 1 | 0 |
_aViaje a Portugal / _cJosé Saramago ; traducción de Basilio Losada. |
| 260 |
_aMéxico : _bAlfaguara, _c1998. |
||
| 300 |
_a364 ; _c24cm. |
||
| 534 |
_pTítulo original en portugués: _tViagem a portugal _cLisboa : Caminho, 1998. |
||
| 500 | _aPrimera reimpresión, diciembre 1998 | ||
| 650 | 4 |
_aNovela portuguesa _912951 |
|
| 650 | 4 |
_aLiteratura portuguesa _ySIGLO XX _913685 |
|
| 651 | 4 |
_aPortugal _xDescripciones Y Viajes _928458 |
|
| 700 | 1 |
_aLosada, Basilio, _etr. _912953 |
|
| 910 | _aWM | ||
| 049 | _aBNGR | ||
| 999 |
_c11701 _d11701 |
||